000 00691cab a2200217 4500
001 ABS43095
008 090401t1990 xxu||||| |||| 00| 0 eng d
035 _a(Sirsi) u40423
041 _aeng
100 _aBolton, A.
245 _aSmart in the USSR
260 _c1990
350 _a0
490 _aNew Civil Engineer
_v(905) 19 July 1990 20-22(2)
520 _aReports on a visit by Soviet construction engineers to UK construction firms to learn from British counterparts to help them relaunch their firm as a competitive unit into a free market.
650 _aCONSTRUCTION INDUSTRY
650 _aSOVIET UNION
690 _aOVERSEAS-EUROPE
942 _n0
948 _c04/03/1997
999 _c25908
_d25908